01593nam a2200325 4500001000400000003000400004005001700008008004100025020001500066040000800081041001300089082001500102100003000117240004900147245014700196250001900343260004500362300001100407520064000418650002301058650002001081650002001101650001401121650001501135650001601150655001201166655001601178700003801194700003501232160OSt20250528074013.0250129b |||||||e |||| 00| 1 eng d a8585865695 bpor hengapor a823bC624f1 aCleland, John,d1709-1789 aFanny Hill or Memoirs of a woman of pleasure aFanny Hill ou Memórias de uma mulher de prazer /cCleland, John ; Tradução de Eduardo Francisco Alves e Apresentação de Peter Wagner a3° edição aSão PaulobEstação Liberdadec1997 a311 p. aMemórias de uma mulher de prazer, comumente conhecido como Fanny Hill, é um dos grandes clássicos da literatura do século XVIII. História de uma prostituta e sua ascendência à respeitabilidade, Fanny Hill está sendo reconhecido mais recentemente como uma combinação única de paródia, entretenimento sensual e um conceito filosófico de sexualidade emprestado dos romances libertinos franceses. Os leitores terão a oportunidade de conhecer tanto o pensamento revolucionário na época do Iluminismo, como também uma ficção erótica, que mereceu destaque na história do romance inglês e mundial.  0aLiteratura Inglesa 0aAmor e Paixão 0aEmponderamento  0aErótico 0aPolêmica 0aClássicos 0aRomance 0aFicção  aEduardo Francisco AlveseTradutor aPeter WagnereApresentação